00426nam a2200205Ia 4500003000900000008004100009040001300050040001300063041000800076100001800084100000900102245003500111250000900146260001800155260000900173300001100182300001000193490000900203490000800212IT-RoPAU120407s9999 xx 000 0 und d aIT-RoPAU cIT-RoPAU aita aPaolo Miccoli ccur. aFilosofia della storia. AA.VV. aRoma aCittà Nuova c1985 a201 p. c18 cm aIdee v171